000 00330nam a2200133Ia 4500
008 240624s9999 xx 000 0 und d
041 _aeng
082 _a658.4012 LEO
100 _aLEON ALEXIS
245 _aERP DEMYSTIFIED
250 _a(2nd ed.)
260 _c2008
_aNew Delhi
_bTata McGraw- Hill
300 _a585 : p. : cm. ; 24
999 _c12302
_d12302